000 004130000a22001450004500
090 _aAR
_b01683
245 1 0 _aGene flow and the geographic structure of natural populations
650 1 4 _aDistribución geográfica
_992997
650 1 4 _aEvolución
_992797
650 1 4 _aDemografía
_94447
041 0 _aEspañol
100 1 _aSlatkin, Montgomery
_995108
942 _cARTICULO
773 1 _tScience
_3685
_q787-792
_d1987
999 _c10763
_d10763